000 00459nam a2200169Ia 4500
008 230917s9999||||xx |||||||||||||| ||und||
020 _cRS 1695.00
040 _e5015423
_aMAIN
041 _aEnglish
082 _a150 A98U
100 _aAgyajit Singh
245 0 _aUnderstanding human behaviour
260 _aNew Delhi
_bPsycho Information Technologies
_c2019
300 _a288 p.
500 _a4011 03/02/2020 FP20/599 10/02/2020 Main Budget
942 _cBK
999 _c1686
_d1686